000 00530nam a2200217Ia 4500
003 OSt
005 20220928143032.0
006 a|||||r|||| 00| 0
007 ta
008 220927b |||||||| |||| 00| 0 eng d
024 _a20526
037 _cTextual
040 _aSDCL
_cSDCL
_beng
041 _2eng
_aeng
082 _aB6:3p1,N79, M0
100 _aHsiang W Y
_9429647
245 0 _aChern symposium 1979.
260 _c1980
942 _hB6:3p1,N79, M0
_cTEXL
_2CC
999 _c822642
_d822642